000
00251nam a2200109Ia 4500
008
240625s9999 xx 000 0 und d
041
_a
eng
082
_a
658.4 THO
100
_a
COULSON THOMAS COLIN
245
_a
KNOWLEDGE ENTREPRENEUR
260
_c
2004
999
_c
34304
_d
34304